Anyone but Jimmy Carter Quiz Stats

 Plays Quiz Updated Dec 7, 2017

Challenge
Share
Tweet
Embed
Score 0/39 Timer 04:00
2 Plays Today
Hint Answer % Correct
Served Exactly One TermGeorge H. W. Bush
95.6%
Were Incumbent and Defeated in a General ElectionGeorge H.W. Bush (1992)
95.6%
Traveled to Panama While in OfficeGeorge H. W. Bush
95.6%
Traveled to Panama While in OfficeGeorge W. Bush
95.2%
Have a 'C' SurnameBill Clinton
92%
Were BaptistsBill Clinton
92%
Were Born in OctoberJohn Adams
91.1%
Served Exactly One TermJohn Adams
91.1%
Were Incumbent and Defeated in a General ElectionJohn Adams (1800)
91.1%
Served Exactly One TermJohn Quincy Adams
90.9%
Were Incumbent and Defeated in a General ElectionJohn Quincy Adams (1828)
90.9%
Traveled to Panama While in OfficeFranklin D. Roosevelt
90.1%
Were Born in OctoberTheodore Roosevelt
90%
Traveled to Panama While in OfficeTheodore Roosevelt
90%
Have a 'C' SurnameCalvin Coolidge
86.5%
Traveled to Panama While in OfficeBarack Obama
84%
Were Incumbent and Defeated in a General ElectionGerald Ford (1976)
81.1%
Served Exactly One TermHerbert Hoover
79.5%
Were Incumbent and Defeated in a General ElectionHerbert Hoover (1932)
79.5%
Were Born in OctoberDwight D. Eisenhower
77.9%
Hint Answer % Correct
Traveled to Panama While in OfficeDwight D. Eisenhower
77.9%
Served Exactly One TermWilliam H. Taft
77.9%
Were Incumbent and Defeated in a General ElectionWilliam H. Taft (1912)
77.9%
Traveled to Panama While in OfficeWilliam H. Taft
77.9%
Have a 'C' SurnameGrover Cleveland
76.5%
Were Incumbent and Defeated in a General ElectionGrover Cleveland (1888)
76.5%
Served Exactly One TermJames K. Polk
75.8%
Were BaptistsHarry S. Truman
74.3%
Served Exactly One TermBenjamin Harrison
72.4%
Were Incumbent and Defeated in a General ElectionBenjamin Harrison (1892)
72.4%
Served Exactly One TermMartin Van Buren
70.3%
Were Incumbent and Defeated in a General ElectionMartin Van Buren (1840)
70.3%
Served Exactly One TermFranklin Pierce
63.6%
Served Exactly One TermJames Buchanan
63.4%
Were Born in OctoberRutherford B. Hayes
58.7%
Served Exactly One TermRutherford B. Hayes
58.7%
Traveled to Panama While in OfficeWarren G. Harding
58.1%
Were BaptistsWarren G. Harding
58.1%
Were Born in OctoberChester A. Arthur
57.7%

You're not logged in!

Compare scores with friends on all Sporcle quizzes.
OR
Log In

You Might Also Like...

Show Comments

Extras

Top Quizzes Today


Score Distribution

Your Account Isn't Verified!

In order to create a playlist on Sporcle, you need to verify the email address you used during registration. Go to your Sporcle Settings to finish the process.

Report this User

Report this user for behavior that violates our Community Guidelines.

Details: